Historia universal contemporánea : problemas, debates y puntos de vista /
Guardado en:
| Autor Principal: | |
|---|---|
| Otros Autores: | |
| Formato: | Libro |
| Publicado: |
Buenos Aires :
Kapelusz,
1999
|
| Series: | Biblioteca del polimodal
|
| Materias: | |
| Etiquetas: |
Agregar Etiqueta
Sin Etiquetas, Sea el primero en etiquetar este registro!
|
| LEADER | 01342nam a22002415a 4500 | ||
|---|---|---|---|
| 001 | CEM.cems017696 | ||
| 005 | 20110913115518.0 | ||
| 008 | 130507s1999##################000#0#####d | ||
| 003 | CEMS | ||
| 020 | |a 9501324354 | ||
| 082 | 0 | 4 | |a 940.5 |
| 100 | 1 | |a Amézola, Gonzlo de | |
| 245 | 1 | 0 | |a Historia universal contemporánea : |b problemas, debates y puntos de vista / |c Gonzalo de Amézola y Carlos Alberto Dicroce |
| 260 | |a Buenos Aires : |b Kapelusz, |c 1999 | ||
| 300 | |a 319 p. | ||
| 490 | 0 | |a Biblioteca del polimodal | |
| 505 | 0 | |a El ciclo de las revoluciones contemporáneas (1750-1850) -- El nacimiento de la sociedad industrial -- Las revoluciones políticas europeas y americanas (1750-1850) -- El ciclo de la expansión capitalista (1850-1950) -- La expansión del capitalismo -- Las ideas motoras del siglo XIX -- El siglom XX. La economía hasta la Segunda Guerra Mundial -- Guerra y revolución -- Siglo XX. La economía entre 1945 y 1973 -- El Sur también existe -- La economía entre los 70 y 90 -- Los nuevos movimientos sociales y políticos | |
| 653 | |a Historia | ||
| 653 | |a Historia universal contemporánea | ||
| 653 | |a Historia contemporánea-polimodal | ||
| 700 | 1 | |a Dicroce, Carlos Alberto | |
| 859 | |a CEMS |b BIB. CEMS - Agricultura |h 940.5 |i Am34 |p A1448.11 |t Ej.1 | ||
| 859 | |a CEMS |b BIB. CEMS - Agricultura |h 940.5 |i Am34 |p A2907.17 |t Ej.2 | ||
